Вып. 51 : Полимерные материалы для покрытия полов и стен в массовом жилищном строительстве: [сборник]; Полимерные строительные материалы

Xehetasun bibliografikoak
Parent link:Полимерные строительные материалы: сборник трудов/ Всесоюзный научно-исследовательский и проектно-конструкторский институт полимерных строительных материалов и мягкой кровли (ВНИИпроектполимеркровля) / Всесоюзный научно-исследовательский и проектно-конструкторский институт полимерных строительных материалов(ВНИИстройполимер). Вып. 51 : Полимерные материалы для покрытия полов и стен в массовом жилищном строительстве.— , 1972-
Beste egile batzuk: Полуянов А. Ф.
Hizkuntza:errusiera
Argitaratua: 1979
Gaiak:
Formatua: MixedMaterials Liburua
KOHA link:https://koha.lib.tpu.ru/cgi-bin/koha/opac-detail.pl?biblionumber=332237

MARC

LEADER 00000nam2a2200000 4500
001 332237
005 20231102004433.0
035 |a (RuTPU)RU\TPU\book\358144 
035 |a RU\TPU\book\358143 
090 |a 332237 
100 |a 20170518d1979 k y0rusy50 ca 
101 0 |a rus 
102 |a RU 
105 |a a z 001zy 
200 0 |a Вып. 51 : Полимерные материалы для покрытия полов и стен в массовом жилищном строительстве  |e [сборник]  |f гл. ред. А. Ф. Полуянов 
210 |d 1979 
215 |a 151 с.  |c ил. 
320 |a Библиогр. в конце ст. 
461 1 |0 (RuTPU)RU\TPU\book\314057  |t Полимерные строительные материалы  |o сборник трудов  |f Всесоюзный научно-исследовательский и проектно-конструкторский институт полимерных строительных материалов и мягкой кровли (ВНИИпроектполимеркровля) / Всесоюзный научно-исследовательский и проектно-конструкторский институт полимерных строительных материалов(ВНИИстройполимер)  |v Вып. 51 : Полимерные материалы для покрытия полов и стен в массовом жилищном строительстве  |d 1972-  
606 1 |a Строительные материалы полимерные  |2 stltpush  |3 (RuTPU)RU\TPU\subj\57564  |9 75422 
606 1 |a Отделочные материалы полимерные  |x Строительство  |2 stltpush  |3 (RuTPU)RU\TPU\subj\47673  |9 66595 
610 1 |a домостроение 
610 1 |a линолеум 
610 1 |a клеи 
610 1 |a самоклеящиеся материалы 
610 1 |a дорожное строительство 
610 1 |a фильтрующие свойства 
610 1 |a электропроводность 
610 1 |a бесшовные покрытия 
675 |a 691.175  |v 4 
675 |a 691.175:693.6  |v 4 
702 1 |a Полуянов  |b А. Ф.  |4 651 
801 1 |a RU  |b 63413507  |c 20170518 
801 2 |a RU  |b 63413507  |c 20170524  |g RCR 
942 |c BK